000 00745nam a2200181Ia 4500
008 100920s9999 xx 000 0 und d
082 _b100301
_a891.43 न 06
100 _aवाजपेयी अरुण.
245 _aपाकिस्तान में युध्दकैद के वे दिन.
260 _bराधाकृष्ण प्रकाशन,दिल्ली.
_c2006
300 _a171
_bसाधी
365 _b195
520 _aहिंदी.
630 _aपाकिस्तान में युध्दकैद के वे दिन.
650 _aहिंदी.
730 _aपाकिस्तान में युध्दकैद के वे दिन.
942 _cBOOK
999 _c740739
_d740736